000 00585nam a22001457a 4500
999 _c63528
_d63528
003 Ge_BSU
005 20251031155822.0
008 251027s1993 ge ||||| |||| 00| 0 geo d
041 _ageo
080 _a657.15 ბ-98
245 _aბუღალტრული აღრიცხვის საერთაშორისო სტანდარტი ბასს 2 :
_bსასაქონლო-მატერიალური ფასეულობები .
264 _aთბილისი,
_c1993.
300 _a20 გვ.;
_b20 სმ.
942 _2udc
_cᲬᲘᲒᲜᲘ